El proceso constituyente en 138 preguntas y respuestas /

Detalles Bibliográficos
Autores principales: Atria Lemaître, Fernando (Autor), Salgado, Constanza (Autor), Wilenmann von Bernath, Javier (Autor)
Formato: Electrónico eBook
Lenguaje:español
Publicado: Santiago de Chile : LOM Ediciones, [2020]
Colección:Bolsillo (Santiago, Chile). Serie 18 de octubre.
Materias:
Acceso en línea:Digitalia Hispánica

MARC

LEADER 00000nam a2200000Ii 4500
001 DIGLOM01226
003 NyNyDIG
006 m o d
007 cr |||||||||||
008 240506s2020 cl o 000 0 spa d
035 |a (OCoLC)1153988841 
040 |a DGITA  |b eng  |e rda  |e pn  |c DGITA 
020 |a 9789560012845  |q eBook 
020 |z 9789560012579 
043 |a s-cl--- 
050 1 4 |a KHF2924 ebook 
100 1 |a Atria Lemaître, Fernando,  |e author. 
245 1 3 |a El proceso constituyente en 138 preguntas y respuestas /  |c Fernando Atria, Constanza Salgado, Javier Wilenmann. 
264 1 |a Santiago de Chile :  |b LOM Ediciones,  |c [2020] 
300 |a 1 online resource. 
336 |a text  |b txt  |2 rdacontent 
337 |a computer  |b c  |2 rdamedia 
338 |a online resource  |b cr  |2 rdacarrier 
347 |a text file  |2 rdaft 
347 |b PDF 
490 1 |a Serie 18 de octubre 
588 0 |a Online resource; title from PDF title page (Digitalia, viewed May 6, 2024) 
650 0 |a Constitutional law  |z Chile. 
650 0 |a Constituent power  |z Chile. 
650 0 |a Law reform  |z Chile. 
700 1 |a Salgado, Constanza,  |e author. 
700 1 |a Wilenmann von Bernath, Javier,  |e author. 
791 2 |a Digitalia (Firm),  |e distributor. 
793 0 |g Digitalia eBook Collection:  |a LOM Ediciones 
776 0 8 |i Print version:  |a Atria Lemaître, Fernando.  |t Proceso constituyente en 138 preguntas y respuestas.  |b Primera edición.  |d Santiago de Chile : LOM Ediciones, 2020.  |z 9789560012579 
830 0 |a Bolsillo (Santiago, Chile).  |p Serie 18 de octubre. 
856 4 0 |3 Digitalia Hispánica  |u https://www.digitaliapublishing.com/a/133844/ 
910 |a Premium collection: 2024